[Event "ECCC 2013"]
[Site "Rhodes"]
[Date "2013.10.26"]
[Round "7"]
[White "Fox, Anthony"]
[Black "Kirk, Ezra"]
[Result "0-1"]
[WhiteElo "2086"]
[BlackElo "2316"]
[PlyCount "100"]
[EventDate "2013.10.20"]
[EventType "team"]
[EventRounds "7"]
[EventCountry "GRE"]
[WhiteTeam "Adare"]
[BlackTeam "Jutes of Kent"]

1. e4 c5 2. Nf3 Nc6 3. Bb5 g6 4. Bxc6 bxc6 5. O-O Bg7 6. Re1 Nh6 7. d3 d6 8. h3
O-O 9. Nc3 e5 10. Rb1 a5 11. Na4 f5 12. Bg5 Qc7 13. c3 Nf7 14. Bd2 c4 15. dxc4
fxe4 16. Ng5 d5 17. Qe2 Nd6 18. Nc5 Qe7 19. cxd5 cxd5 20. Rbd1 h6 21. Ngxe4
dxe4 22. Nxe4 Nxe4 23. Qxe4 Bf5 24. Qc4+ Kh7 25. Be3 Rfc8 26. Qe2 a4 27. Rc1
Be6 28. c4 Qb4 29. a3 Qb7 30. Red1 Rd8 31. c5 Bd5 32. f3 Qc6 33. Rd2 Rab8 34.
Qf2 Bb3 35. Rxd8 Rxd8 36. Qe2 e4 37. f4 Rd3 38. Kh1 Bd5 39. Kg1 Qb5 40. Rc2 Qb3
41. Bf2 e3 42. Be1 Bc6 43. Bc3 Qd5 44. Bb4 Qd4 45. Bc3 Rd1+ 46. Be1 Bb5 47.
Qxb5 Rxe1+ 48. Kh2 Qxf4+ 49. g3 Qf3 50. Rg2 Qd1 0-1

[Event "ECCC 2013"]
[Site "Rhodes"]
[Date "2013.10.26"]
[Round "7"]
[White "Thee, Bernd"]
[Black "Harakis, Alexis M"]
[Result "0-1"]
[WhiteElo "2098"]
[BlackElo "2239"]
[PlyCount "50"]
[EventDate "2013.10.20"]
[EventType "team"]
[EventRounds "7"]
[EventCountry "GRE"]
[WhiteTeam "Adare"]
[BlackTeam "Jutes of Kent"]

1. e4 e5 2. Nf3 Nc6 3. Bc4 Bc5 4. c3 Nf6 5. d3 d6 6. Bg5 h6 7. Bh4 Bb6 8. O-O
Bg4 9. Nbd2 g5 10. Bg3 Nh5 11. Kh1 Nf4 12. Qa4 Bd7 13. Qc2 Qf6 14. b4 Ne7 15.
Bxf4 Qxf4 16. Ng1 g4 17. Nb3 Rg8 18. Rad1 Rg5 19. Qd2 Qf6 20. f4 Rh5 21. fxe5
Rxh2+ 22. Kxh2 Qh4+ 23. Nh3 g3+ 24. Kh1 Bxh3 25. Bxf7+ Kd8 0-1

[Event "ECCC 2013"]
[Site "Rhodes"]
[Date "2013.10.26"]
[Round "7"]
[White "Naylor, John"]
[Black "O`donoghue, Denis J"]
[Result "1-0"]
[WhiteElo "2142"]
[BlackElo "1981"]
[PlyCount "62"]
[EventDate "2013.10.20"]
[EventType "team"]
[EventRounds "7"]
[EventCountry "GRE"]
[WhiteTeam "Jutes of Kent"]
[BlackTeam "Adare"]

1. e4 c5 2. Nf3 Nc6 3. Bb5 e6 4. O-O Nge7 5. Re1 a6 6. Bf1 d5 7. exd5 Qxd5 8.
Nc3 Qd8 9. Ne4 Nf5 10. c3 Be7 11. d4 cxd4 12. cxd4 Bb4 13. Nc3 Nfxd4 14. Nxd4
Qxd4 15. Qf3 Bxc3 16. bxc3 Qf6 17. Qg3 O-O 18. Bd3 h6 19. Re4 Ne7 20. Rh4 Ng6
21. Bxg6 Qxg6 22. Rg4 Qf6 23. Bf4 e5 24. Bxe5 Qxe5 25. Qxe5 Bxg4 26. h3 Be6 27.
a4 Rac8 28. Rb1 Rb8 29. Rb6 Rfd8 30. f4 Bd5 31. Rd6 Rxd6 1-0

[Event "ECCC 2013"]
[Site "Rhodes"]
[Date "2013.10.26"]
[Round "7"]
[White "Murchadha, Oissine"]
[Black "Donovan, Nigel P"]
[Result "0-1"]
[WhiteElo "1861"]
[BlackElo "2029"]
[PlyCount "92"]
[EventDate "2013.10.20"]
[EventType "team"]
[EventRounds "7"]
[EventCountry "GRE"]
[WhiteTeam "Adare"]
[BlackTeam "Jutes of Kent"]

1. e4 c5 2. Nf3 d6 3. d4 cxd4 4. Nxd4 Nf6 5. Nc3 e6 6. g3 Nc6 7. Bg2 Bd7 8. O-O
Be7 9. Be3 O-O 10. Qe2 a6 11. a4 Qc7 12. f4 Rac8 13. Nxc6 Bxc6 14. a5 Nd7 15.
Rfd1 Bf6 16. Bd4 e5 17. fxe5 Nxe5 18. Bb6 Qe7 19. Nd5 Bxd5 20. exd5 Nd7 21.
Qxe7 Bxe7 22. Be4 Nxb6 23. axb6 Bd8 24. Bd3 Bxb6+ 25. Kg2 g6 26. Re1 Rfe8 27.
Kf3 Kg7 28. Rad1 Kf6 29. c4 Bc5 30. b3 Bb4 31. Re4 Rxe4 32. Bxe4 Ke5 33. Bd3 f5
34. h4 Re8 35. g4 Kf6 36. gxf5 gxf5 37. Kf4 Bc5 38. Bxf5 Be3+ 39. Kg4 h5+ 40.
Kf3 Kxf5 41. Re1 b5 42. c5 dxc5 43. d6 Rd8 44. Kxe3 Re8+ 45. Kd2 Rxe1 46. d7
Re4 0-1

[Event "ECCC 2013"]
[Site "Rhodes"]
[Date "2013.10.26"]
[Round "7"]
[White "Driessens, Patrick"]
[Black "Efimov, Igor"]
[Result "1-0"]
[WhiteElo "2311"]
[BlackElo "2380"]
[PlyCount "79"]
[EventDate "2013.10.20"]
[EventType "team"]
[EventRounds "7"]
[EventCountry "GRE"]
[WhiteTeam "SV Voerendaal / KNSB"]
[BlackTeam "Cercle d'Echecs de Monte-Carlo"]

1. d4 d6 2. Nf3 g6 3. c4 Bg7 4. Nc3 e5 5. e4 Nd7 6. Bg5 f6 7. Be3 Nh6 8. h3 Nf7
9. Qd2 c6 10. O-O-O Qe7 11. g4 Nf8 12. Rg1 Ne6 13. Kb1 Nfg5 14. Nxg5 fxg5 15.
d5 Nd4 16. Bxg5 Bf6 17. Bxf6 Qxf6 18. Bg2 c5 19. Rgf1 O-O 20. Ne2 Nxe2 21. Qxe2
b5 22. f4 exf4 23. e5 Re8 24. e6 bxc4 25. Qxc4 Rb8 26. Rf2 Rb4 27. Qd3 Re7 28.
a3 Rd4 29. Qf3 Rb7 30. Rfd2 Ra4 31. Ka2 Kf8 32. Bf1 Rb6 33. b3 Ra5 34. g5 Qxg5
35. Rf2 Rb4 36. Bc4 Ke8 37. Qxf4 Qxf4 38. Rxf4 Ba6 39. Rdf1 Kd8 40. Rf8+ 1-0

[Event "ECCC 2013"]
[Site "Rhodes"]
[Date "2013.10.26"]
[Round "7"]
[White "Nelis, Jean-Francois"]
[Black "Ciornei, Dragos"]
[Result "0-1"]
[WhiteElo "2234"]
[BlackElo "2167"]
[PlyCount "24"]
[EventDate "2013.10.20"]
[EventType "team"]
[EventRounds "7"]
[EventCountry "GRE"]
[WhiteTeam "Cercle d'Echecs de Monte-Carlo"]
[BlackTeam "SV Voerendaal / KNSB"]

1. d4 Nf6 2. Nf3 g6 3. Nc3 Bg7 4. e4 d6 5. Be3 c6 6. Qd2 Qc7 7. Bh6 Bxh6 8.
Qxh6 Nbd7 9. O-O-O b5 10. e5 dxe5 11. dxe5 Nxe5 12. Qf4 Nd3+ 0-1

[Event "ECCC 2013"]
[Site "Rhodes"]
[Date "2013.10.26"]
[Round "7"]
[White "Merx, Bob"]
[Black "Meylan, Andre"]
[Result "0-1"]
[WhiteElo "2129"]
[BlackElo "2159"]
[PlyCount "102"]
[EventDate "2013.10.20"]
[EventType "team"]
[EventRounds "7"]
[EventCountry "GRE"]
[WhiteTeam "SV Voerendaal / KNSB"]
[BlackTeam "Cercle d'Echecs de Monte-Carlo"]

1. e4 e6 2. d3 d5 3. Nd2 Nf6 4. Ngf3 Nc6 5. g3 dxe4 6. dxe4 Bc5 7. h3 O-O 8.
Bg2 e5 9. O-O a5 10. c3 Qe7 11. Qc2 b6 12. Nb3 Bd6 13. a4 Be6 14. Nh4 Bc4 15.
Re1 Qe6 16. Nd2 Ba6 17. Nf1 Bc5 18. Bg5 Nd7 19. Rad1 f6 20. Be3 Rad8 21. Nf5
Rfe8 22. Kh2 Ne7 23. h4 Qf7 24. Bf3 Bc4 25. Nd2 Be6 26. h5 Bxe3 27. Rxe3 Nc5
28. b4 Nb7 29. Rd3 Rxd3 30. Qxd3 Rd8 31. Qa6 Bc8 32. Nf1 Rxd1 33. Bxd1 Nxf5 34.
exf5 Nd6 35. Qa8 axb4 36. cxb4 Qc4 37. Nd2 Qd4 38. Bb3+ Kf8 39. Be6 Qxd2 40.
Bxc8 Qxf2+ 41. Kh3 Qf1+ 42. Kh2 Qe2+ 43. Kg1 Qe1+ 44. Kh2 Qe2+ 45. Kg1 Qd1+ 46.
Kg2 Qxh5 47. Be6+ Qe8 48. Qa6 Qc6+ 49. Kh2 Ne4 50. Qc8+ Ke7 51. Bb3 Qd7 0-1

[Event "ECCC 2013"]
[Site "Rhodes"]
[Date "2013.10.26"]
[Round "7"]
[White "Ribbegren, Karl Johan"]
[Black "Zimmermann, Luc"]
[Result "1-0"]
[WhiteElo "2157"]
[BlackElo "2102"]
[PlyCount "41"]
[EventDate "2013.10.20"]
[EventType "team"]
[EventRounds "7"]
[EventCountry "GRE"]
[WhiteTeam "Cercle d'Echecs de Monte-Carlo"]
[BlackTeam "SV Voerendaal / KNSB"]

1. Nf3 Nf6 2. g3 g6 3. Bg2 Bg7 4. c4 d5 5. O-O dxc4 6. Qa4+ Bd7 7. Qxc4 Nc6 8.
d4 O-O 9. Nc3 Bf5 10. d5 Na5 11. Qh4 c6 12. e4 Bg4 13. Ne5 Bc8 14. Re1 Nd7 15.
Nf3 Ne5 16. Bh6 Nxf3+ 17. Bxf3 Bxh6 18. Qxh6 cxd5 19. exd5 Nc4 20. Re4 Nd2 21.
Qxd2 1-0

[Event "ECCC 2013"]
[Site "Rhodes"]
[Date "2013.10.26"]
[Round "7"]
[White "Van Der Zwet, Bart"]
[Black "Meylan, Pierre"]
[Result "1-0"]
[WhiteElo "2091"]
[BlackElo "2060"]
[PlyCount "97"]
[EventDate "2013.10.20"]
[EventType "team"]
[EventRounds "7"]
[EventCountry "GRE"]
[WhiteTeam "SV Voerendaal / KNSB"]
[BlackTeam "Cercle d'Echecs de Monte-Carlo"]

1. Nf3 c5 2. e4 Nc6 3. d4 cxd4 4. Nxd4 e5 5. Nb5 a6 6. Nd6+ Bxd6 7. Qxd6 Qe7 8.
Qd3 h6 9. b3 b5 10. c3 Nf6 11. Na3 O-O 12. c4 Bb7 13. f3 Rfd8 14. Be2 Qb4+ 15.
Qd2 Qxd2+ 16. Bxd2 Nd4 17. Bd3 bxc4 18. bxc4 d6 19. Kf2 Nd7 20. Rhb1 Rab8 21.
Ke3 Bc6 22. Bc3 Ne6 23. Nc2 Ndc5 24. Nb4 Ba4 25. Be2 Rdc8 26. Nd5 Kf8 27. Nb6
Rd8 28. Rb4 Bc6 29. Rb2 Rb7 30. a4 Rdb8 31. a5 Ke8 32. Rab1 Kf8 33. Bd1 Ke8 34.
Bc2 Kf8 35. Rd1 Rd8 36. Rd2 Ke7 37. Rb1 Rbb8 38. Rbd1 Rb7 39. Rxd6 Rxb6 40.
Rxd8 Rb7 41. R8d2 f6 42. Rb1 Rc7 43. Rb6 Ba4 44. Bb4 Kf7 45. Bxc5 Nxc5 46. Bxa4
Nxa4 47. Rxa6 Rxc4 48. Rd7+ Kg6 49. Raa7 1-0

[Event "ECCC 2013"]
[Site "Rhodes"]
[Date "2013.10.26"]
[Round "7"]
[White "Iclicki, Willy"]
[Black "Winkels, Marcel"]
[Result "1-0"]
[WhiteElo "1999"]
[BlackElo "2002"]
[PlyCount "132"]
[EventDate "2013.10.20"]
[EventType "team"]
[EventRounds "7"]
[EventCountry "GRE"]
[WhiteTeam "Cercle d'Echecs de Monte-Carlo"]
[BlackTeam "SV Voerendaal / KNSB"]

1. d4 Nf6 2. c4 c5 3. d5 b5 4. cxb5 a6 5. bxa6 g6 6. Nc3 Bxa6 7. Nf3 d6 8. e4
Bxf1 9. Kxf1 Nbd7 10. g3 Bg7 11. Kg2 O-O 12. Re1 Ng4 13. Qe2 Qa5 14. h3 Nge5
15. Nxe5 Bxe5 16. Bg5 Rfe8 17. a4 Qb4 18. Qb5 Nf6 19. Bxf6 exf6 20. Qxb4 cxb4
21. Nb5 Bxb2 22. Ra2 Bc3 23. Nxc3 bxc3 24. Rc1 Rxe4 25. Rxc3 Rd4 26. a5 Rxd5
27. a6 Re5 28. Rc7 Kf8 29. a7 Re7 30. Rxe7 Kxe7 31. Kf3 f5 32. Ke3 Kd7 33. Kd4
Kc6 34. h4 h6 35. Ra3 Kd7 36. Kd5 Kc7 37. Ra4 Kd7 38. Ra1 Kc7 39. Re1 Kd7 40.
Ra1 Kc7 41. Ra3 Kd7 42. f3 Kc7 43. Ra6 Kb7 44. Rxd6 Kxa7 45. Rd7+ Kb6 46. Rxf7
Ra3 47. Rf6+ Kb5 48. Rxg6 Rxf3 49. Ke5 Kc5 50. h5 Kc4 51. Rc6+ Kd3 52. Ra6 Ke2
53. Rxh6 Rxg3 54. Kxf5 Kf3 55. Ra6 Rg1 56. Ra3+ Ke2 57. Rh3 Rf1+ 58. Ke5 Ra1
59. h6 Ra5+ 60. Kd4 Ra4+ 61. Kc5 Ra5+ 62. Kb6 Ra8 63. h7 Rh8 64. Kc6 Kf2 65.
Kd6 Kg2 66. Rh6 Kg3 1-0

[Event "ECCC 2013"]
[Site "Rhodes"]
[Date "2013.10.26"]
[Round "7"]
[White "Murray, David"]
[Black "Seitaj, Ilir"]
[Result "0-1"]
[WhiteElo "2162"]
[BlackElo "2378"]
[PlyCount "100"]
[EventDate "2013.10.20"]
[EventType "team"]
[EventRounds "7"]
[EventCountry "GRE"]
[WhiteTeam "Gonzaga"]
[BlackTeam "Klubi Sportiv "]

1. e4 e5 2. Nf3 Nc6 3. d4 exd4 4. Nxd4 Bc5 5. Nxc6 Qf6 6. Qd2 Qxc6 7. Bd3 Ne7
8. O-O O-O 9. b3 Qf6 10. c3 Ng6 11. Kh1 Ne5 12. Be2 d6 13. Qg5 Qxg5 14. Bxg5 f5
15. Nd2 f4 16. f3 Ng6 17. Bc4+ Kh8 18. h4 h6 19. h5 Ne5 20. Bh4 Nxc4 21. Nxc4
Be6 22. g4 fxg3 23. Bxg3 b5 24. Nb2 Bh3 25. Rfd1 Rxf3 26. Kh2 Bg4 27. c4 Re8
28. e5 Rxg3 29. Kxg3 Bxd1 30. Rxd1 Rxe5 31. Rd5 Rxd5 32. cxd5 g6 33. Kg4 Kg7
34. Nd3 gxh5+ 35. Kf5 h4 36. Nf4 Kf7 37. Nh3 Be3 38. Ke4 Bc1 39. Kf5 Ke7 40.
Ng1 Be3 41. Nh3 Kd7 42. Ke4 Bc1 43. Kd3 Kc8 44. Kc2 Bg5 45. Kc3 Kb7 46. Kd3 a5
47. a4 Kb6 48. Kd4 Bf6+ 49. Ke4 bxa4 50. bxa4 Kc5 0-1

[Event "ECCC 2013"]
[Site "Rhodes"]
[Date "2013.10.26"]
[Round "7"]
[White "Delaney, Killian"]
[Black "Mejdini, Murat"]
[Result "1/2-1/2"]
[WhiteElo "2129"]
[BlackElo "1977"]
[PlyCount "95"]
[EventDate "2013.10.20"]
[EventType "team"]
[EventRounds "7"]
[EventCountry "GRE"]
[WhiteTeam "Gonzaga"]
[BlackTeam "Klubi Sportiv "]

1. e4 e6 2. d4 d5 3. e5 c5 4. c3 Nc6 5. Nf3 Qb6 6. Bd3 cxd4 7. cxd4 Bd7 8. O-O
Nxd4 9. Ng5 Nc6 10. Re1 Nh6 11. Nc3 Bc5 12. Qf3 Nd4 13. Qd1 Nhf5 14. Na4 Bxa4
15. Qxa4+ Nc6 16. Qc2 h6 17. Bxf5 hxg5 18. Bg4 Bd4 19. Bxg5 Bxe5 20. h4 Qc7 21.
Rad1 Kf8 22. g3 Qb6 23. Re3 Qxb2 24. Qc5+ Kg8 25. Rb3 Qxa2 26. Rxb7 Qc4 27.
Qxc4 dxc4 28. Rdd7 Rf8 29. Rxf7 Rxf7 30. Bxe6 Kh7 31. Rxf7 Rb8 32. Bxc4 a5 33.
Bd5 Rc8 34. h5 a4 35. Kg2 a3 36. Bc1 Nd8 37. Bxa3 Nxf7 38. Bxf7 Bd4 39. Bd6 Kh8
40. f3 Rd8 41. Bf4 Bc3 42. h6 Bd2 43. hxg7+ Kxg7 44. Bb3 Bxf4 45. gxf4 Kf6 46.
Kg3 Rd7 47. Bc2 Rg7+ 48. Kf2 1/2-1/2

[Event "ECCC 2013"]
[Site "Rhodes"]
[Date "2013.10.26"]
[Round "7"]
[White "Mihasi, Erald"]
[Black "Hayes, Peter J"]
[Result "0-1"]
[WhiteElo "1862"]
[BlackElo "2029"]
[PlyCount "86"]
[EventDate "2013.10.20"]
[EventType "team"]
[EventRounds "7"]
[EventCountry "GRE"]
[WhiteTeam "Klubi Sportiv "]
[BlackTeam "Gonzaga"]

1. d4 Nf6 2. Bf4 c5 3. c3 Qb6 4. b3 cxd4 5. cxd4 Nc6 6. Nf3 d5 7. e3 Bf5 8.
Nbd2 e6 9. a3 h6 10. Be2 a5 11. O-O Be7 12. h3 O-O 13. Qc1 Rfc8 14. Qb2 a4 15.
b4 Na7 16. Rac1 Nb5 17. Ne5 Nd6 18. Rxc8+ Rxc8 19. Rc1 Qd8 20. Ndf3 Nfe4 21.
Bd1 f6 22. Nd3 Nc4 23. Qa1 g5 24. Bh2 b5 25. Nc5 Kf7 26. Ne1 h5 27. Bxh5+ Kg7
28. Ned3 Bd6 29. Bxd6 Qxd6 30. Nxe4 Bxe4 31. Nc5 Bf5 32. Bf3 Nd2 33. Be2 Rh8
34. Qc3 Nc4 35. Bxc4 bxc4 36. e4 dxe4 37. Qg3 Qxd4 38. Re1 c3 39. Qe3 Rd8 40.
Qxd4 Rxd4 41. g4 c2 42. gxf5 Rd1 43. Nxe6+ Kf7 0-1

[Event "ECCC 2013"]
[Site "Rhodes"]
[Date "2013.10.26"]
[Round "7"]
[White "Jones, Iolo C"]
[Black "Nachbar, Benjamin"]
[Result "1/2-1/2"]
[WhiteElo "2190"]
[BlackElo "2188"]
[PlyCount "83"]
[EventDate "2013.10.20"]
[EventType "team"]
[EventRounds "7"]
[EventCountry "GRE"]
[WhiteTeam "Cardigan"]
[BlackTeam "SV Muelheim Nord 1931"]

1. d4 Nf6 2. Nf3 g6 3. Nc3 d5 4. Bf4 Bg7 5. e3 O-O 6. Nb5 Na6 7. c4 Bg4 8. Nc3
c5 9. Be5 Qa5 10. cxd5 Nxd5 11. Bxg7 Nxc3 12. Qd2 Kxg7 13. Qxc3 Qxc3+ 14. bxc3
Bxf3 15. gxf3 Nc7 16. Rb1 Rab8 17. f4 b6 18. Rb3 cxd4 19. cxd4 Rfc8 20. Kd2 b5
21. Bg2 Ne8 22. Be4 Nd6 23. Bd3 b4 24. Rhb1 a5 25. f3 Nb5 26. Bxb5 Rxb5 27. a3
Rh5 28. axb4 Rxh2+ 29. Kd3 axb4 30. Rxb4 Rf2 31. Rb7 Re8 32. Rh1 Rxf3 33. Ke2
Rg3 34. Kf2 Rg4 35. Kf3 h5 36. Rc1 Rh4 37. Kg3 Rg4+ 38. Kf3 f5 39. d5 Kf8 40.
d6 exd6 41. Rcc7 h4 42. Rf7+ 1/2-1/2

[Event "ECCC 2013"]
[Site "Rhodes"]
[Date "2013.10.26"]
[Round "7"]
[White "Voss, Gunther"]
[Black "Heap, Gerry"]
[Result "0-1"]
[WhiteElo "2154"]
[BlackElo "2010"]
[PlyCount "66"]
[EventDate "2013.10.20"]
[EventType "team"]
[EventRounds "7"]
[EventCountry "GRE"]
[WhiteTeam "SV Muelheim Nord 1931"]
[BlackTeam "Cardigan"]

1. d4 Nf6 2. c4 e6 3. g3 c5 4. d5 exd5 5. cxd5 d6 6. Nc3 g6 7. Bg2 Bg7 8. Nf3
O-O 9. O-O a6 10. a4 Nbd7 11. Bf4 Qc7 12. h3 Rb8 13. e4 Nh5 14. Bg5 b5 15. axb5
axb5 16. g4 b4 17. Na4 Nhf6 18. e5 Ne4 19. exd6 Qxd6 20. Be3 Ba6 21. Re1 Rfe8
22. Qc1 Rbc8 23. Bf4 Qf8 24. Ne5 Nxe5 25. Bxe5 Bxe5 26. Rxe4 Bd3 27. Re1 Qd6
28. Qd1 c4 29. Rc1 Bf4 30. Ra1 Rxe1+ 31. Qxe1 Kf8 32. Qd1 Be5 33. Rc1 Qf6 0-1

[Event "ECCC 2013"]
[Site "Rhodes"]
[Date "2013.10.26"]
[Round "7"]
[White "Van Kemenade, Rudy"]
[Black "Boemelburg, Raphael"]
[Result "1/2-1/2"]
[WhiteElo "2031"]
[BlackElo "1989"]
[PlyCount "122"]
[EventDate "2013.10.20"]
[EventType "team"]
[EventRounds "7"]
[EventCountry "GRE"]
[WhiteTeam "Cardigan"]
[BlackTeam "SV Muelheim Nord 1931"]

1. f4 Nf6 2. Nf3 d5 3. g3 c5 4. Bg2 Nc6 5. d3 Bf5 6. O-O Qd7 7. Qe1 Bh3 8. Na3
Bxg2 9. Kxg2 h5 10. h3 d4 11. e4 dxe3 12. Bxe3 e6 13. Nc4 Qd5 14. Kg1 Be7 15.
Qe2 Nd7 16. Bf2 Bf6 17. c3 Nb6 18. Ne3 Qd7 19. a4 a5 20. Rfd1 O-O 21. Nd2 g6
22. Nec4 Nxc4 23. Nxc4 Qe7 24. Qe3 e5 25. Qxc5 Qe6 26. fxe5 Bxe5 27. Re1 f6 28.
d4 Qxh3 29. dxe5 fxe5 30. Qd5+ Kh7 31. Qg2 Qe6 32. Nxe5 Nxe5 33. Bd4 Nf3+ 34.
Qxf3 Qxe1+ 35. Rxe1 Rxf3 36. Re7+ Kh6 37. Kg2 Rd3 38. Rxb7 Re8 39. Kh3 Rf3 40.
Rb5 g5 41. Rb6+ Kh7 42. Rb7+ Kg6 43. Rb6+ Kf7 44. Rb5 g4+ 45. Kh4 Rg8 46. Rxh5
Rf1 47. Rg5 Rxg5 48. Kxg5 Ra1 49. b4 axb4 50. cxb4 Rxa4 51. Bc5 Kg7 52. Kxg4
Kg6 53. Kf4 Kf6 54. g4 Kg6 55. g5 Ra1 56. Be7 Re1 57. Bf6 Rb1 58. Bc3 Rb3 59.
Bd2 Rb2 60. Bc3 Rb3 61. Bd2 Rb2 1/2-1/2

[Event "ECCC 2013"]
[Site "Rhodes"]
[Date "2013.10.26"]
[Round "7"]
[White "Grodotzki, Kenneth"]
[Black "Haigh, Tony"]
[Result "1/2-1/2"]
[WhiteElo "1979"]
[BlackElo "1776"]
[PlyCount "74"]
[EventDate "2013.10.20"]
[EventType "team"]
[EventRounds "7"]
[EventCountry "GRE"]
[WhiteTeam "SV Muelheim Nord 1931"]
[BlackTeam "Cardigan"]

1. e4 e6 2. Nf3 d5 3. Nc3 Bb4 4. e5 c5 5. Ne2 Nc6 6. c3 Ba5 7. d4 cxd4 8. Nexd4
Bd7 9. Bd3 Nge7 10. Bf4 Ng6 11. Bg3 a6 12. O-O Bc7 13. Qe2 O-O 14. Rfe1 Rc8 15.
h4 Nxd4 16. Nxd4 Ne7 17. Qh5 g6 18. Qh6 Nf5 19. Bxf5 exf5 20. Bf4 Qe8 21. Bg5
Bxe5 22. Bf6 Bxf6 23. Rxe8 Rfxe8 24. Rd1 Re4 25. Nf3 Bc6 26. Ng5 Bxg5 27. Qxg5
Rce8 28. Rd2 Rg4 29. Qf6 d4 30. f3 Bxf3 31. cxd4 Bd5 32. b3 Rc8 33. Qe5 Rc1+
34. Kh2 Rxh4+ 35. Kg3 Rg4+ 36. Kh2 Rh4+ 37. Kg3 Rg4+ 1/2-1/2

[Event "ECCC 2013"]
[Site "Rhodes"]
[Date "2013.10.26"]
[Round "7"]
[White "Van Kemenade, Julie"]
[Black "Schlenter, Ruediger"]
[Result "0-1"]
[WhiteElo "1743"]
[BlackElo "1929"]
[PlyCount "66"]
[EventDate "2013.10.20"]
[EventType "team"]
[EventRounds "7"]
[EventCountry "GRE"]
[WhiteTeam "Cardigan"]
[BlackTeam "SV Muelheim Nord 1931"]

1. e4 c5 2. Nc3 g6 3. f4 Bg7 4. Bc4 d6 5. Nf3 Nc6 6. a3 e6 7. Ba2 Nge7 8. O-O
O-O 9. d3 Rb8 10. Ne2 d5 11. Qe1 dxe4 12. dxe4 Nd4 13. Nexd4 cxd4 14. Kh1 b6
15. Ng5 h6 16. Nf3 Nc6 17. Rb1 d3 18. c3 Qe7 19. Bd2 Rd8 20. Rd1 Ba6 21. Qf2
Rd7 22. Rde1 Qc5 23. Qg3 Rbd8 24. Nh4 Qh5 25. Nf3 Kh7 26. Re3 Bf8 27. Qe1 Bc5
28. Ng5+ Kg7 29. Rh3 Qe2 30. Qc1 hxg5 31. Re1 Qg4 32. Rg3 Qxg3 33. hxg3 Rh8#
0-1

[Event "ECCC 2013"]
[Site "Rhodes"]
[Date "2013.10.26"]
[Round "7"]
[White "Farrell, Neil"]
[Black "Pedersen, Nicolai Vesterbaek"]
[Result "0-1"]
[WhiteElo "2147"]
[BlackElo "2397"]
[PlyCount "62"]
[EventDate "2013.10.20"]
[EventType "team"]
[EventRounds "7"]
[EventCountry "GRE"]
[WhiteTeam "Edinburgh West Chess Club"]
[BlackTeam "Nordea Skanderborg"]

1. d4 Nf6 2. Nf3 e6 3. e3 b6 4. Bd3 Bb7 5. O-O c5 6. c4 Be7 7. Nc3 cxd4 8. exd4
Bxf3 9. Qxf3 Nc6 10. Ne2 O-O 11. Qh3 d5 12. cxd5 Qxd5 13. Be3 Nb4 14. Nc3 Qa5
15. Bc4 Nbd5 16. Bd2 Bb4 17. Bxd5 Nxd5 18. Rfe1 Bxc3 19. bxc3 Rac8 20. Re5 Qa4
21. Rxe6 fxe6 22. Qxe6+ Kh8 23. Qxd5 Qc2 24. Be1 Rce8 25. f3 Re2 26. f4 Rfe8
27. Bh4 Qxc3 28. Rf1 Qe3+ 29. Kh1 Qxf4 30. Qf3 Qxf3 31. gxf3 Rd2 0-1

[Event "ECCC 2013"]
[Site "Rhodes"]
[Date "2013.10.26"]
[Round "7"]
[White "Pedersen, Jan Rode"]
[Black "Neave, George"]
[Result "0-1"]
[WhiteElo "2219"]
[BlackElo "2151"]
[PlyCount "36"]
[EventDate "2013.10.20"]
[EventType "team"]
[EventRounds "7"]
[EventCountry "GRE"]
[WhiteTeam "Nordea Skanderborg"]
[BlackTeam "Edinburgh West Chess Club"]

1. e4 e5 2. Nf3 Nc6 3. Bb5 Nd4 4. Bc4 Nf6 5. c3 Nxf3+ 6. Qxf3 c6 7. O-O d5 8.
exd5 cxd5 9. Bb3 e4 10. Re1 Bd6 11. Ba4+ Kf8 12. Qe2 Bxh2+ 13. Kxh2 Ng4+ 14.
Kg3 Qd6+ 15. f4 Qh6 16. Qxg4 Bxg4 17. Kxg4 Qh2 18. Re2 f5+ 0-1

[Event "ECCC 2013"]
[Site "Rhodes"]
[Date "2013.10.26"]
[Round "7"]
[White "Garcia, Jason"]
[Black "Mavreas, Dimitrios"]
[Result "1-0"]
[WhiteElo "2044"]
[BlackElo "1996"]
[PlyCount "87"]
[EventDate "2013.10.20"]
[EventType "team"]
[EventRounds "7"]
[EventCountry "GRE"]
[WhiteTeam "White Knights Chess Club"]
[BlackTeam "Ippotis Rodou"]

1. e4 d6 2. d4 Nf6 3. Nc3 g6 4. f4 Bg7 5. Nf3 c5 6. d5 O-O 7. Be2 b5 8. e5 dxe5
9. fxe5 Ng4 10. Bxb5 Nxe5 11. O-O Qb6 12. Nxe5 Bxe5 13. Qe2 Bxc3 14. bxc3 c4+
15. Kh1 Qxb5 16. Qxe7 Qe8 17. Qh4 Bb7 18. Bh6 Nd7 19. Rae1 Qd8 20. Re7 f5 21.
Bg5 h5 22. Qd4 Rf7 23. Rxf7 Kxf7 24. Bxd8 Rxd8 25. Re1 Nb6 26. d6 Be4 27. a4
Ke6 28. Qg7 Rxd6 29. Qxg6+ Ke5 30. Qg7+ Ke6 31. h3 Nxa4 32. Qg8+ Ke5 33. Qxc4
Nb6 34. Qc7 Ke6 35. Qxa7 Nd5 36. Qd4 Nf6 37. Qc4+ Ke5 38. Qc7 Ke6 39. Qc8+ Ke5
40. c4 Rd2 41. Qb8+ Ke6 42. c5 Nd5 43. c4 Nc3 44. Qe8+ 1-0

[Event "ECCC 2013"]
[Site "Rhodes"]
[Date "2013.10.26"]
[Round "7"]
[White "Rousos, Stamatios"]
[Black "Buttell, David"]
[Result "0-1"]
[WhiteElo "1369"]
[BlackElo "1901"]
[PlyCount "60"]
[EventDate "2013.10.20"]
[EventType "team"]
[EventRounds "7"]
[EventCountry "GRE"]
[WhiteTeam "Ippotis Rodou"]
[BlackTeam "White Knights Chess Club"]

1. e4 c5 2. Nf3 d6 3. d4 cxd4 4. Nxd4 Nf6 5. Nc3 g6 6. f3 Bg7 7. Be3 Nc6 8. Qd2
O-O 9. O-O-O d5 10. exd5 Nxd5 11. Nxc6 bxc6 12. Nxd5 cxd5 13. Qxd5 Qc7 14. Qc4
Qe5 15. Qd4 Qb8 16. Qc5 Qxb2+ 17. Kd2 Rd8+ 18. Bd3 Bf5 19. Ke1 Bxd3 20. cxd3
Qxg2 21. Rg1 Qxa2 22. Rd2 Qe6 23. Kf2 Qh3 24. Rh1 Bf6 25. Rdd1 Bh4+ 26. Ke2
Qg2+ 27. Bf2 Rac8 28. Rhg1 Qxh2 29. Rh1 Rxc5 30. Rxh2 Rc2+ 0-1

[Event "ECCC 2013"]
[Site "Rhodes"]
[Date "2013.10.26"]
[Round "7"]
[White "Michelakis, Evaggelos"]
[Black "Evans, Nicholas Thomas"]
[Result "0-1"]
[WhiteElo "1619"]
[BlackElo "1778"]
[PlyCount "42"]
[EventDate "2013.10.20"]
[EventType "team"]
[EventRounds "7"]
[EventCountry "GRE"]
[WhiteTeam "Ippotis Rodou"]
[BlackTeam "White Knights Chess Club"]

1. e4 e5 2. Nf3 Nc6 3. Bc4 Bc5 4. b4 Bb6 5. O-O d6 6. c3 Nf6 7. Re1 O-O 8. d4
exd4 9. Nxd4 Nxd4 10. cxd4 Nxe4 11. Bxf7+ Rxf7 12. Rxe4 Bf5 13. Rf4 d5 14. Nd2
g5 15. Rxf5 Rxf5 16. Nf3 Qf6 17. Qd2 Rf8 18. Ne5 Rxf2 19. Qxg5+ Qxg5 20. Bxg5
Bxd4 21. Nf3 R2xf3+ 0-1